000 00375pab a2200157 454500
008 180718b2011 xxu||||| |||| 00| 0 eng d
100 _aBanerjee, Sumanta
245 _aFrom metropolitan to megalopolitan riots
260 _c2011
300 _ap.27-29.
362 _a24 Sep
650 _aRiots
773 _aEconomic and Political Weekly
908 _aN
909 _a93372
999 _c93372
_d93372